000 00450nam a2200193Ia 4500
005 20250603145041.0
008 250603s9999 xx 000 0 und d
020 _a9781137415233
050 _aQP 34.5 .M35/
100 _aMcKissock, Charmaine
245 0 _aGreat ways to learn anatomy and physiology
250 _a2nd ed.
260 _aLondon
260 _bPalgrave
260 _c2014
300 _a181 p
650 _aLondon
942 _cBK
999 _c40724
_d40724